"Time" Words - Statistics

General Stats
  • This quiz has been taken 47 times
  • The average score is 12 of 21
Answer Stats
Hint Answer % Correct
To work extra hours Overtime
95%
Sleepy children hate it Bedtime
90%
Brits have it with crumpets Teatime
86%
Interval in the middle of a sporting event Halftime
79%
Season succeeding winter and preceding summer Springtime
76%
Device that takes you to the past Time Machine
74%
What Marty McFly did Time Traveled
74%
A person's total existence Lifetime
67%
To take a break or punishment for naughty kids Timeout
67%
A clock or watch Timepiece
62%
A hobby Pastime
55%
A display of a list of events in chronological order Timeline
50%
A schedule Timetable
48%
What happened at Ridgemont High Fast Times
45%
A musical style that peaked in popularity between 1895 and 1919 Ragtime
43%
...and the livin' is easy Fish are jumpin' and the cotton is high Summertime
40%
Available hours for radio or television transmission Airtime
36%
Television's first African American two-parent family sitcom airing 1974-79 Good Times
36%
Nautical Maritime
31%
A well-known television network Showtime
17%
Charity which raises money to support victims of sexual harassment Time's Up
14%
No matching quizzes found
Score Distribution
Percent of People with Each Score
Percentile by Number Answered
Your Score History
You have not taken this quiz